| 000 | 00501nam a2200205Ia 4500 | ||
|---|---|---|---|
| 008 | 131103s9999 xx 000 0 und d | ||
| 020 | _a600382559 | ||
| 040 | _aLoreto College | ||
| 041 | _aEnglish | ||
| 082 |
_aREF _bLCBED/7402 |
||
| 100 | _aFido, Martin | ||
| 245 |
_aShakespeare _cMartin Fido |
||
| 260 |
_aLondon _bHamlyn _c1978 |
||
| 300 |
_a144p. _b ill., pic. _c 24cm. |
||
| 504 | _aIncludes index | ||
| 650 | _aShakespeare | ||
| 651 | _aRefarence | ||
| 850 | _aLCBED/REF | ||
| 942 | _cBK | ||
| 999 |
_c31799 _d82278 |
||